000 00488nam a2200181 a 4500
001 2189
003 CO-ViMGA
008 141112s2004 ck r 000 u spa d
040 _aCO-ViMGA
_bspa
_cCO-ViMGA
082 0 4 _aCo861.44 L868l
100 1 _aLuque Muñoz, Henry
245 1 0 _aLibro de los caminos 1978 - 1988
260 _aSantafé de Bogotá :
_bSimón y Lola Guberek,
_c1991
300 _a185 P
490 _aLiteraria, 38
650 1 4 _aPOESIA COLOMBIANA
_91069
942 _2ddc
_cBK
999 _c14294
_d14294